<?xml version="1.0" encoding="UTF-8"?>
<record
    xmlns:xsi="http://www.w3.org/2001/XMLSchema-instance"
    xsi:schemaLocation="http://www.loc.gov/MARC21/slim http://www.loc.gov/standards/marcxml/schema/MARC21slim.xsd"
    xmlns="http://www.loc.gov/MARC21/slim">

  <leader>02215nam a2200301uu 4500</leader>
  <controlfield tag="001">1478048</controlfield>
  <controlfield tag="005">20240129081441.0</controlfield>
  <controlfield tag="007">cr|||||||</controlfield>
  <controlfield tag="008">171102s2017                        spa  </controlfield>
  <datafield tag="035" ind1=" " ind2=" ">
    <subfield code="a">1478048</subfield>
  </datafield>
  <datafield tag="040" ind1=" " ind2=" ">
    <subfield code="c">comduadb</subfield>
  </datafield>
  <datafield tag="041" ind1=" " ind2=" ">
    <subfield code="a">spa</subfield>
  </datafield>
  <datafield tag="080" ind1=" " ind2=" ">
    <subfield code="a">PBI</subfield>
  </datafield>
  <datafield tag="100" ind1="1" ind2="0">
    <subfield code="a">Serna Rojas, Carolina</subfield>
    <subfield code="4">aut</subfield>
    <subfield code="e">aut</subfield>
    <subfield code="9">760051</subfield>
  </datafield>
  <datafield tag="245" ind1="1" ind2="0">
    <subfield code="a">Caracterizaci&#xF3;n de las regiones cerebrales motoras mediante an&#xE1;lisis de electroencefalograma</subfield>
  </datafield>
  <datafield tag="260" ind1=" " ind2=" ">
    <subfield code="a">Medell&#xED;n :</subfield>
    <subfield code="b">[sin publicador],</subfield>
    <subfield code="c">2017.</subfield>
  </datafield>
  <datafield tag="300" ind1=" " ind2=" ">
    <subfield code="a">70 p&#xE1;ginas</subfield>
  </datafield>
  <datafield tag="520" ind1="3" ind2=" ">
    <subfield code="a">La electroencefalograf&#xED;a (EEG) es una t&#xE9;cnica no invasiva usada extensamente para el registro de actividad cerebral debido a su alta resoluci&#xF3;n temporal y bajo costo. El presente estudio busca caracterizar las se&#xF1;ales cerebrales motoras relacionadas con imaginaci&#xF3;n y movimiento de las manos usando tanto se&#xF1;ales EEG como su representaci&#xF3;n cortical (encontradas
mediante la t&#xE9;cnica weighted minimum norm estimation, wMNE), mediante la determinaci&#xF3;n del mapa espectral de ambos grupos de datos (en el dominio EEG y en el dominio wMNE), para una posterior clasificaci&#xF3;n implementando inteligencia computacional. De esta manera, para el estudio se presentan dos hip&#xF3;tesis, la primera sugiere que al extraer las se&#xF1;ales desde las fuentes con el algoritmo wMNE se obtendr&#xED;an datos m&#xE1;s claros, los cuales conducir&#xED;an a una mejor caracterizaci&#xF3;n estos, por encima de los obtenidos directamente de los electrodos; y la segunda, la cual indica que al momento de realizar una clasificaci&#xF3;n mediante inteligencia computacional, se espera una mejor&#xED;a en el desempe&#xF1;o al momento de usar algoritmos selectores de caracter&#xED;sticas, o comparaciones estad&#xED;sticas entre los datos, por encima de la clasificaci&#xF3;n sin el uso de estos.</subfield>
  </datafield>
  <datafield tag="650" ind1=" " ind2=" ">
    <subfield code="a">Electroencefalograma</subfield>
    <subfield code="9">209372</subfield>
  </datafield>
  <datafield tag="650" ind1=" " ind2=" ">
    <subfield code="a">Selector de datos - Dise&#xF1;o</subfield>
    <subfield code="9">47944</subfield>
  </datafield>
  <datafield tag="650" ind1=" " ind2=" ">
    <subfield code="a">M&#xE1;quinas de soporte vectorial</subfield>
    <subfield code="9">129239</subfield>
  </datafield>
  <datafield tag="700" ind1="1" ind2="0">
    <subfield code="a">Garc&#xED;a Pretelt, Francisco Javier</subfield>
    <subfield code="4">aut</subfield>
    <subfield code="e">aut</subfield>
    <subfield code="9">767714</subfield>
  </datafield>
  <datafield tag="700" ind1="1" ind2="0">
    <subfield code="a">Duque Grajales, Jon Edinson</subfield>
    <subfield code="4">ths</subfield>
    <subfield code="e">ths</subfield>
    <subfield code="9">608020</subfield>
  </datafield>
  <datafield tag="856" ind1="4" ind2=" ">
    <subfield code="u">https://drive.google.com/file/d/0BwecnWVz7HZoZ0R3ZHBWWFRSUVE/view?usp=sharing</subfield>
  </datafield>
  <datafield tag="942" ind1=" " ind2=" ">
    <subfield code="c">TESIS</subfield>
    <subfield code="n">0</subfield>
  </datafield>
  <datafield tag="999" ind1=" " ind2=" ">
    <subfield code="c">768953</subfield>
    <subfield code="d">768953</subfield>
  </datafield>
  <datafield tag="502" ind1=" " ind2=" ">
    <subfield code="b">168</subfield>
    <subfield code="c">17</subfield>
  </datafield>
  <datafield tag="526" ind1=" " ind2=" ">
    <subfield code="a">170</subfield>
  </datafield>
</record>
